Quizzes
Events
Quiz Creation
Community
Videos
Private Events
Remove Ads
Sign In
Join for FREE
Feedback
Dark Mode
Quiz Categories
Sports
Geography
Music
Movies
Television
Just For Fun
Miscellaneous
History
Literature
Language
Science
Gaming
Entertainment
Religion
Holiday
For Kids
Quiz Lab
Recent
Popular Today
Quiz Kudos Today
Editor Picks
Curator Picks
Quizzes by...
Day
Popularity
Type
Ratings
Length
Year
Community
Subscriptions
Recent Discussions
Orange Saloon
Badges
Playlists
Quests
Create
Leaderboards
Showdown
Live 5
Trivia Bingo
Activity
Puzzle Library
Sporcle Events
Private Events
Virtual Trivia
Globe League
Become a Host
Pub Owners
SporcleCon
Opinionation
Our Games
Videos
Blog
Mobile Apps
Partnerships
Remove Ads and Go Orange
Feedback
History
US Presidents
World Leaders
Politics
Nation
Discovery
War
Decade
Year
Century
Biography
Art
History
US Presidents
World Leaders
Politics
Nation
Discovery
War
Decade
Year
Century
Biography
Art
Random Quiz
Search Sporcle
×
Quiz Lab
Quiz Lab
History
1900
Type in answers that appear in a list
Type in answers that appear in a list
Classic
Best Score? Go Orange.
Events in 1900. Stats
Can you name the Events in 1900.?
By
Cika_Zare
4m
15 Questions
26 Plays
26 Plays
26 Plays
Comments
Comments
Give Quiz Kudos
Give Quiz Kudos
-
- Ratings
hide this ad
Replay
Link that replays current quiz
Next Quiz
Link to next quiz in quiz playlist
You Got
0%
They Got
Avg Score
45%
Avg Friend Score
Upgrade to see
Score Distribution
Jump to the score distribution portion of the page
Score
0/15
Timer
04:00
0
Plays Today
Question
% Correct
In which European capital does the Great Exibition open?
Paris
84.6%
In which city does the 2nd modern Olympic games take place?
Paris
84.6%
The Box Brownie camera is launched by which company?
Eastman Kodak
73.1%
In May 1900 an uprising against foreigners begins in China. It was afterwards given what name?
Boxer Rebellion
69.2%
Who is released from exile in Siberia?
Lenin
65.4%
The USA wins the first of which international tennis tournament?
Davis Cup
61.5%
Frank L. Baum publishes a children's book destined for great fame. What is it called?
The Wizard of Oz
57.7%
Which organisation publishes it's first restaurant guide?
Michelin
46.2%
Question
% Correct
The trial flight of which aircraft takes place in Germany in July?
Zeppelin
42.3%
The Chicago ship canal opens, connecting the Mississippi river with what?
Great Lakes
30.8%
In which American city is an outbreak of bubonic plague?
San Francisco
23.1%
Which physicist reveals the Quantum Theory?
Max Planck
15.4%
Puccini premieres which of his operas in Rome?
Tosca
11.5%
Manufacture begins of which famous handgun?
Luger Pistol
7.7%
The noble gas Radon is discovered. By whom?
Friedrich Dorn
3.8%
Quiz Playlist
Details
Report
Send in Message
Add To Playlist
Classic:
Type in answers that appear in a list
Quiz Source
Last Updated: Feb 16, 2017
Quiz Scoreboard
CHALLENGE
Sign Up to Join the Scoreboard
Show All
Scores
Hide
Comments
May contain spoilers
Recently Published
Presidents Visiting Landmarks
by Hejman
History
7m
An Introduction to Baseball
by treessimontrees
Sports
5m
Movies - When Are They Set?
by FPL_Elf
Movies
5m
More to Explore
Quiz From the Vault
Featured Blog Post
Where Did the Easter Bunny Come From?
hide this ad
You Might Also Like...
Tags
1900
Event
Today's Top Quizzes in History
Browse History
hide this ad
Today's Top Quizzes in 1900
Browse 1900
Top Contributed Quizzes in History
1
Popular People in 1991
2
Popular People in 1981
3
Popular People in 1951
4
Popular People in 1941
5
Popular People in 1986
6
Popular People in 1976
7
Popular People in 1921
8
I Am Born On March 28th
9
Popular People in 1946
10
5-to-1: 20th Century Images of War
Explore More
Trending Topics
Kpop
Anime
Disney
Harry Potter
Marvel
NBA
Crossword
WWE
NFL
Puzzle
Song
Soccer
Pokémon
The Office
Country
hide this ad
More By:
Cika_Zare
Quiz
Plays
Rating
Category
Featured
Created
Brief Movie Quotes: 1990s
93,361
4.41
Movies
Sep 6, 2016
Brief Movie Quotes: 1980s
61,181
4.44
Movies
Sep 6, 2016
Brief Movie Quotes: 1970s
35,309
4.48
Movies
Sep 6, 2016
City Profile: Moscow
32,852
4.54
Geography
Aug 30, 2012
Brief Movie Quotes: 1950s-1960s
20,657
4.46
Movies
Sep 6, 2016
Go to Creator's Profile
Score Distribution
Quiz Creator Spotlight
Cika_Zare
Follow
Send a Message
Quizzes Created
-
Created Quiz Play Count
-
More By This Creator
Popular Quizzes Today
1
Find the US States - No Outlines Minefield
2
Find the Countries of Europe - No Outlines Minefield
3
The Countries of the World
4
Find the US States
5
Popular People in 1961
6
US States
7
Risky Map Clicking: Biggest States A-Z
8
Movies - When Are They Set?
More History Quizzes
Click an American Aircraft VI
Quiz Lab
Trending Quizzes
Risky Map Clicking: Least Populous States A-Z
1-10 Letter G Words
1-10 Letter F Words
Risky Map Clicking: Next State Alphabetically
Risky Map Clicking: Biggest States A-Z
Recently Updated
Leaping Animals
pecheneg
Reality TV Shows (A-Z)
bhenderson79
Rickey Henderson's Hall of Fame Teammates
pecheneg
Champions League XIs: Arsenal
pecheneg
Quick Pick: Celebrities in WWE's Hall of Fame
aduchscher
A-Z Keypad Blitz II
pecheneg
Multiple Oscar Actors
pecheneg
Mystery Phrase Blitz: Oscar 'Best Actors'
pecheneg
F. Scott Fitzgerald Novels
LTH
Pick 3 Villains
ddd62291
Trending Topics
Crossword
Kpop
Marvel
Anime
Harry Potter
NBA
Disney
The Office
WWE
Soccer
Pokémon
Song
Puzzle
Country
NFL
Your Account Isn't Verified!
In order to create a playlist on Sporcle, you need to verify the email address you used during registration. Go to your
Sporcle Settings
to finish the process.
Report this User
Report this user for behavior that violates our
Community Guidelines
.
Details:
Send Report
Go to the Sporcle.com Mobile Site →
Comments